000
00294 a2200145 4500
001
168946
020
_a
040
_c
Magnum
100
_a
Siqueira, Elizabeth Madureira
240
1
0
_a
Luzes e sombras
_l
por
245
1
0
_a
Luzes e sombras
362
0
_a
1899
697
_a
GERAL
942
_c
BK
999
_c
168946
_d
168946